| 000 | 01136nam0a22003131 4500 | ||
|---|---|---|---|
| 001 | RU\INFOCOMM_322\NLR\5000110812 | ||
| 005 | 20250613104243.0 | ||
| 035 | _a(NLR Aleph) 009490478 | ||
| 090 |
_a8645434 _c8645434 |
||
| 100 | _a20121214d1983 |||y0rusy50 ca | ||
| 101 | 0 | _aeng | |
| 102 | _aRU | ||
| 105 | _aa z ||||| | ||
| 200 | 1 |
_aComputer-aided design of robots _fF. M. Kulakov, V. N. Neokesariysky |
|
| 210 |
_aL. _cLRCC _d1983 |
||
| 215 |
_a22 с. _cсхем. _d20 см |
||
| 225 | 1 |
_aLeningrad research computer center _fAcad. of sciences of the USSR _vN 71 |
|
| 300 | _aНа обл. надзаг. также на рус. яз. | ||
| 606 | 0 |
_aРоботы _xПроектирование _xАвтоматизация _91649738 _3RU\NLR\AUTH\661028641 |
|
| 620 | _aСанкт-Петербург | ||
| 686 |
_aЗ816.2-02-5-05 _2rubbk |
||
| 700 | 1 |
_aKulakov _bF. M. _gFeliks Michajlovič |
|
| 701 | 1 |
_9z01790 _aNeokesarijskij _bV. N. _gVladimir Nikolaevič |
|
| 790 | 1 |
_9z01701 _aNeokesariysky _bV. N. _4070 |
|
| 801 | 1 |
_aRU _bInfocomm _c20121214 |
|
| 801 | 0 |
_aRU _bINFOCOMM _gPSBO |
|
| 852 |
_aNLR _jТ95 Д-4/163 |
||
| 942 | _cBOOK | ||
| 980 | _aNB | ||